000
00214nam a2200097Ia 4500
008
220204s9999 xx 000 0 und d
082
_a
82-3
_b
HOR
100
_a
Horner, Lance
245
0
_a
Santiago blood
942
_c
BK
999
_c
32618
_d
32618